| 000 | 00463 a2200157 4500 | ||
|---|---|---|---|
| 003 | OSt | ||
| 005 | 20231108140233.0 | ||
| 008 | 231108b |||||||| |||| 00| 0 eng d | ||
| 040 | _coclc | ||
| 082 |
_a297 _bMUT/I |
||
| 100 |
_aMuttil, Khaleelur Rahman _99871 |
||
| 245 |
_aIslamika Shariyathinte Manushikatha / _cKhaleelur Rahman Muttil |
||
| 260 |
_aKerala: _bYuvatha, _c2012. |
||
| 300 | _a76p | ||
| 942 |
_2ddc _cBK _h297 _iMUT/I _k297 _mMUT/I |
||
| 999 |
_c42967 _d42967 |
||